[Event "SRB Central-ch op-A 8th"]
[Site "Paracin"]
[Date "2015.07.08"]
[Round "7"]
[White "Injac, Teodora"]
[Black "Naik, Rishubh Naresh"]
[Result "0-1"]
[WhiteElo "2165"]
[BlackElo "2007"]
[PlyCount "60"]
[EventDate "2015.07.03"]
[EventType "swiss"]
[EventRounds "9"]
[EventCountry "SRB"]
[SourceTitle "CBM 167 Extra"]
[Source "ChessBase"]
[SourceDate "2015.09.14"]
[SourceVersion "1"]
[SourceVersionDate "2015.09.14"]
[SourceQuality "1"]

1. Nf3 Nf6 2. c4 g6 3. Nc3 d5 4. cxd5 Nxd5 5. Qb3 Nb6 6. d4 Bg7 7. e4 0-0 8. Be3 a5 9. a4 Na6 10. Rd1 h6 11. d5 Nd7 12. Bb5 Nb4 13. 0-0 c6 14. Be2 Qc7 15. Rc1 Qb8 16. Rfd1 Kh7 17. Ne1 f5 18. exf5 gxf5 19. f4 c5 20. Nb5 b6 21. d6 exd6 22. Rxd6 Nf6 23. Bf3 Ne4 24. Rdd1 Bb7 25. Nc3 Qe8 26. Nb5 Qe7 27. Rb1 Rad8 28. Qc4 Rfe8 29. Kh1 Rxd1 30. Rxd1 Nd2 0-1

[Event "SRB Central-ch op-A 8th"]
[Site "Paracin"]
[Date "2015.07.07"]
[Round "5"]
[White "Fernandez, Michael"]
[Black "Naik, Rishubh Naresh"]
[Result "1-0"]
[WhiteElo "2249"]
[BlackElo "2007"]
[PlyCount "101"]
[EventDate "2015.07.03"]
[EventType "swiss"]
[EventRounds "9"]
[EventCountry "SRB"]
[SourceTitle "CBM 167 Extra"]
[Source "ChessBase"]
[SourceDate "2015.09.14"]
[SourceVersion "1"]
[SourceVersionDate "2015.09.14"]
[SourceQuality "1"]

1. c4 Nf6 2. g3 g6 3. Bg2 d5 4. Nf3 Bg7 5. 0-0 0-0 6. cxd5 Nxd5 7. Nc3 Nb6 8. d4 c6 9. h3 a5 10. Bf4 Be6 11. Qc2 a4 12. Rad1 Na6 13. e4 Nb4 14. Qb1 h6 15. a3 Na6 16. d5 cxd5 17. Nd4 Bxh3 18. Bxh3 e5 19. Be3 exd4 20. Bxd4 Bxd4 21. Rxd4 Qf6 22. Qd1 Nc5 23. exd5 Rad8 24. Bg2 Rfe8 25. Rf4 Qg7 26. Rb4 Qf6 27. Rb5 Nbd7 28. Nxa4 Nxa4 29. Qxa4 Re2 30. Rxb7 Ne5 31. Qa5 Rc8 32. Rc7 Rxc7 33. Qxc7 Rxb2 34. Qc3 Ra2 35. Qb3 Rd2 36. Qc3 Ra2 37. f4 Nd7 38. Rf3 Qb6+ 39. Qe3 Qb2 40. Rf2 Ra1+ 41. Kh2 Qxa3 42. Qe8+ Nf8 43. f5 Qc5 44. Re2 Ra6 45. Re7 Rf6 46. fxg6 Rf5 47. Rxf7 Rh5+ 48. Bh3 Qc2+ 49. Kg1 Qc5+ 50. Rf2 Rg5 51. Qf7+ 1-0

[Event "SRB Central-ch op-A 8th"]
[Site "Paracin"]
[Date "2015.07.07"]
[Round "6"]
[White "Naik, Rishubh Naresh"]
[Black "Todorovic, Bojan"]
[Result "0-1"]
[WhiteElo "2007"]
[BlackElo "2361"]
[PlyCount "94"]
[EventDate "2015.07.03"]
[EventType "swiss"]
[EventRounds "9"]
[EventCountry "SRB"]
[SourceTitle "CBM 167 Extra"]
[Source "ChessBase"]
[SourceDate "2015.09.14"]
[SourceVersion "1"]
[SourceVersionDate "2015.09.14"]
[SourceQuality "1"]

1. d4 d5 2. Nf3 Nf6 3. e3 c6 4. b3 Bg4 5. Be2 e6 6. Bb2 Be7 7. 0-0 Nbd7 8. Nbd2 0-0 9. c4 a5 10. a3 Qb6 11. Bd3 Bh5 12. Qc2 Bg6 13. Rac1 Rac8 14. Bxg6 hxg6 15. cxd5 exd5 16. Ne5 c5 17. Nd3 Qa6 18. dxc5 Nxc5 19. Nxc5 Bxc5 20. Qb1 Ng4 21. Nf3 Nxe3 22. fxe3 Bxe3+ 23. Kh1 Rxc1 24. Rxc1 Bxc1 25. Qxc1 Qd3 26. b4 a4 27. h3 Re8 28. Kh2 Qc4 29. Qg5 Qc7+ 30. Be5 Qd7 31. Bd4 Qf5 32. Qxf5 gxf5 33. Kg3 Re4 34. Kf2 g5 35. Bc5 Rc4 36. Be7 g4 37. hxg4 fxg4 38. Ne5 Rc2+ 39. Kf1 f5 40. Nd3 Rc3 41. Nc5 b5 42. Nb7 Rxa3 43. Nd6 Re3 44. Nxf5 Re5 45. Nh6+ Kh7 46. Bf6 Re4 47. Bg5 a3 0-1

[Event "SRB Central-ch op-A 8th"]
[Site "Paracin"]
[Date "2015.07.04"]
[Round "2"]
[White "Naik, Rishubh Naresh"]
[Black "Stanojevic, Branko"]
[Result "0-1"]
[WhiteElo "2007"]
[BlackElo "2223"]
[PlyCount "56"]
[EventDate "2015.07.03"]
[EventType "swiss"]
[EventRounds "9"]
[EventCountry "SRB"]
[SourceTitle "CBM 167 Extra"]
[Source "ChessBase"]
[SourceDate "2015.09.14"]
[SourceVersion "1"]
[SourceVersionDate "2015.09.14"]
[SourceQuality "1"]

1. d4 Nf6 2. Nf3 g6 3. g3 c5 4. d5 Bg7 5. Bg2 d6 6. 0-0 0-0 7. c4 b5 8. cxb5 a6 9. bxa6 Nbd7 10. Nc3 Bxa6 11. Qc2 Qa5 12. Rd1 Rfb8 13. e4 Ng4 14. Bf1 Rb7 15. a4 Nge5 16. Nd2 c4 17. Ra3 Rab8 18. Nb5 Bxb5 19. axb5 Qxb5 20. Nxc4 Nxc4 21. Bxc4 Qc5 22. b3 Ne5 23. Kg2 Rb4 24. Bd3 Nxd3 25. Qxd3 Rd4 26. Qf3 Rxd1 27. Qxd1 Rc8 28. b4 Qxc1 0-1

[Event "Prague Golden op 11th"]
[Site "Prague"]
[Date "2015.06.28"]
[Round "9"]
[White "Naik, Rishubh Naresh"]
[Black "Pribyl, Viktor"]
[Result "1-0"]
[WhiteElo "1917"]
[BlackElo "1699"]
[PlyCount "73"]
[EventDate "2015.06.21"]
[EventType "swiss"]
[EventRounds "9"]
[EventCountry "CZE"]
[SourceTitle "EXT 2017"]
[Source "ChessBase"]
[SourceDate "2016.10.25"]
[SourceVersion "1"]
[SourceVersionDate "2016.10.25"]
[SourceQuality "1"]

1. Nf3 Nf6 2. b3 g6 3. Bb2 Bg7 4. e3 0-0 5. d4 d5 6. Bd3 c6 7. Nbd2 Nfd7 8. 0-0 f6 9. c4 e5 10. cxd5 cxd5 11. dxe5 fxe5 12. Bb1 Nc6 13. a3 a5 14. b4 e4 15. Nd4 Nxd4 16. exd4 Qb6 17. Qb3 Kh8 18. Qxd5 axb4 19. axb4 Rxa1 20. Bxa1 e3 21. fxe3 Rxf1+ 22. Nxf1 Qxb4 23. Ba2 Nf6 24. Qd8+ Qf8 25. Qxf8+ Bxf8 26. h3 Kg7 27. Kf2 Bf5 28. Ng3 Bd7 29. e4 Be7 30. Ke3 b5 31. d5 Kf8 32. e5 Ne8 33. Ne4 b4 34. d6 Bh4 35. Nc5 Bc6 36. Ne6+ Kg8 37. Nd4+ 1-0

[Event "Prague Golden rap op 11th"]
[Site "Prague"]
[Date "2015.06.27"]
[Round "3"]
[White "Gansvind, Valeriya I"]
[Black "Naik, Rishubh Naresh"]
[Result "1-0"]
[WhiteElo "2191"]
[BlackElo "1951"]
[PlyCount "79"]
[EventDate "2015.06.27"]
[EventType "swiss (rapid)"]
[EventRounds "7"]
[EventCountry "CZE"]
[SourceTitle "EXT 2017"]
[Source "ChessBase"]
[SourceDate "2016.10.25"]
[SourceVersion "1"]
[SourceVersionDate "2016.10.25"]
[SourceQuality "1"]

1. d4 Nf6 2. Bg5 Ne4 3. Bf4 d5 4. e3 g6 5. Bd3 Bg7 6. Nd2 f5 7. Ngf3 0-0 8. h4 e6 9. Ne5 Nd7 10. Nxd7 Bxd7 11. Nf3 c5 12. c3 c4 13. Bxe4 fxe4 14. Ne5 Bc6 15. g4 Bxe5 16. dxe5 Kf7 17. Bg5 Qc7 18. Bf6 Ke8 19. g5 Qf7 20. h5 Kd7 21. hxg6 hxg6 22. Rh6 Rac8 23. Qd4 b6 24. 0-0-0 Kc7 25. Rdh1 Qe8 26. Qd1 Kb8 27. R1h4 Rc7 28. Qg4 Rcf7 29. Rxg6 Bd7 30. Rgh6 Rg8 31. Rh8 Rff8 32. Rxg8 Rxg8 33. Rh7 Kc8 34. Qh3 Qg6 35. Rh6 Qf7 36. Qg4 Rg6 37. Rh8+ Be8 38. Qh3 Rg8 39. Rh7 Qg6 40. Qxe6+ 1-0

[Event "Prague Golden rap op 11th"]
[Site "Prague"]
[Date "2015.06.27"]
[Round "6"]
[White "Rydl, Jiri"]
[Black "Naik, Rishubh Naresh"]
[Result "1-0"]
[WhiteElo "2199"]
[BlackElo "1951"]
[PlyCount "49"]
[EventDate "2015.06.27"]
[EventType "swiss (rapid)"]
[EventRounds "7"]
[EventCountry "CZE"]
[SourceTitle "EXT 2017"]
[Source "ChessBase"]
[SourceDate "2016.10.25"]
[SourceVersion "1"]
[SourceVersionDate "2016.10.25"]
[SourceQuality "1"]

1. c4 Nf6 2. g3 g6 3. Bg2 d5 4. cxd5 Nxd5 5. Nc3 Nb6 6. Nf3 Bg7 7. 0-0 c5 8. b3 0-0 9. Ba3 Na6 10. Rc1 c4 11. h3 cxb3 12. axb3 Nc7 13. d4 Ncd5 14. e4 Nxc3 15. Rxc3 Bd7 16. Re1 Re8 17. Bb2 Rc8 18. Qa1 Rxc3 19. Bxc3 Qb8 20. Qa5 Rc8 21. Bb4 Rc7 22. Bd2 Rc2 23. Bf4 Qa8 24. Ra1 Nc8 25. Qd8+ 1-0

[Event "Prague Golden op 11th"]
[Site "Prague"]
[Date "2015.06.26"]
[Round "7"]
[White "Kiss, Pal"]
[Black "Naik, Rishubh Naresh"]
[Result "1-0"]
[WhiteElo "2335"]
[BlackElo "1917"]
[PlyCount "65"]
[EventDate "2015.06.21"]
[EventType "swiss"]
[EventRounds "9"]
[EventCountry "CZE"]
[SourceTitle "EXT 2017"]
[Source "ChessBase"]
[SourceDate "2016.10.25"]
[SourceVersion "1"]
[SourceVersionDate "2016.10.25"]
[SourceQuality "1"]

1. d4 Nf6 2. c4 g6 3. Nc3 d5 4. Bf4 Bg7 5. e3 0-0 6. Rc1 c6 7. Nf3 dxc4 8. Bxc4 Nd5 9. Bxd5 cxd5 10. Qb3 e6 11. 0-0 Na6 12. a3 b6 13. Nb5 Bb7 14. Qd3 f6 15. Nd6 Qd7 16. b4 g5 17. Bg3 g4 18. Nxb7 Qxb7 19. b5 gxf3 20. bxa6 Qd7 21. Rc7 Qe8 22. gxf3 Rf7 23. Rfc1 Rd8 24. Rxf7 Qxf7 25. Rc7 Rd7 26. Rc8+ Bf8 27. Qc3 Qe7 28. Qc6 Kf7 29. Rb8 h5 30. Rb7 Ke8 31. Bb8 Kd8 32. Bxa7 Qd6 33. Bxb6+ 1-0

[Event "Prague Golden op 11th"]
[Site "Prague"]
[Date "2015.06.24"]
[Round "5"]
[White "Plasil, Petr"]
[Black "Naik, Rishubh Naresh"]
[Result "0-1"]
[WhiteElo "2079"]
[BlackElo "1917"]
[PlyCount "90"]
[EventDate "2015.06.21"]
[EventType "swiss"]
[EventRounds "9"]
[EventCountry "CZE"]
[SourceTitle "EXT 2017"]
[Source "ChessBase"]
[SourceDate "2016.10.25"]
[SourceVersion "1"]
[SourceVersionDate "2016.10.25"]
[SourceQuality "1"]

1. d4 Nf6 2. c4 g6 3. Nc3 d5 4. cxd5 Nxd5 5. e4 Nxc3 6. bxc3 Bg7 7. Nf3 0-0 8. Be2 c5 9. Rb1 b6 10. 0-0 Bb7 11. d5 Bxc3 12. Bc4 Bg7 13. Bf4 Ba6 14. Qa4 Qe8 15. Qb3 Bxc4 16. Qxc4 e5 17. Be3 h6 18. a4 Nd7 19. a5 f5 20. Rfd1 Qf7 21. Bd2 fxe4 22. Qxe4 Rab8 23. axb6 axb6 24. Be3 b5 25. Qh4 Qf6 26. Qg4 Qf5 27. Qg3 Rf6 28. Ra1 Rd6 29. Rac1 c4 30. Qh4 g5 31. Qg3 Ra6 32. h4 g4 33. Nd2 Rc8 34. f4 exf4 35. Bxf4 c3 36. Nb3 Ra4 37. Bd6 c2 38. Rd3 Ne5 39. Re3 Nc4 40. Rf1 Nxe3 41. Rxf5 Nxf5 42. Qe1 Ra1 43. Nc1 Rxc1 44. Qxc1 Nxd6 45. Kh2 b4 0-1

[Event "Prague Golden op 11th"]
[Site "Prague"]
[Date "2015.06.21"]
[Round "1"]
[White "Jelinek, Michal"]
[Black "Naik, Rishubh Naresh"]
[Result "1-0"]
[WhiteElo "2196"]
[BlackElo "1917"]
[PlyCount "49"]
[EventDate "2015.06.21"]
[EventType "swiss"]
[EventRounds "9"]
[EventCountry "CZE"]
[SourceTitle "CBM 167 Extra"]
[Source "ChessBase"]
[SourceDate "2015.09.14"]
[SourceVersion "1"]
[SourceVersionDate "2015.09.14"]
[SourceQuality "1"]

1. d4 Nf6 2. c4 g6 3. Nc3 d5 4. cxd5 Nxd5 5. e4 Nxc3 6. bxc3 Bg7 7. Nf3 0-0 8. Be2 c5 9. Rb1 Nc6 10. d5 Ne5 11. Nxe5 Bxe5 12. Qd2 Bg7 13. 0-0 Qc7 14. f4 Rd8 15. c4 e6 16. Bb2 f6 17. Rbd1 exd5 18. cxd5 f5 19. e5 Rb8 20. Bc4 Kh8 21. d6 Qc6 22. e6 b5 23. Bxg7+ Kxg7 24. Qc3+ Kh6 25. Rd3 1-0

[Event "IND-ch U15"]
[Site "Thrissur"]
[Date "2014.08.10"]
[Round "9"]
[White "Naik, Rishubh Naresh"]
[Black "Harsha, Bharathakoti"]
[Result "0-1"]
[WhiteElo "2028"]
[BlackElo "2307"]
[PlyCount "88"]
[EventDate "2014.08.04"]
[EventType "swiss"]
[EventRounds "11"]
[EventCountry "IND"]
[SourceTitle "CBM 162 Extra"]
[Source "ChessBase"]
[SourceDate "2014.10.17"]
[SourceVersion "1"]
[SourceVersionDate "2014.10.17"]
[SourceQuality "1"]

1. d4 Nf6 2. Nf3 g6 3. Nc3 d5 4. Bf4 Bg7 5. e3 0-0 6. Be2 c5 7. Ne5 cxd4 8. exd4 Nc6 9. 0-0 Qb6 10. Nxc6 Qxc6 11. a4 a6 12. Be5 Bf5 13. Bd3 Bxd3 14. Qxd3 Rac8 15. f3 Nd7 16. Bxg7 Kxg7 17. a5 e6 18. Rf2 Qc4 19. Qd2 Nb8 20. Na4 Nd7 21. Nc3 Rfd8 22. Ra3 Rc7 23. Nd1 Rdc8 24. Ne3 Qc6 25. Qb4 Nf6 26. Qd2 h5 27. Rf1 Ne8 28. Qb4 Nd6 29. Rc3 Qd7 30. Rxc7 Qxc7 31. c3 Nb5 32. Nc2 h4 33. h3 Qf4 34. Na3 Nd6 35. Qb3 Qe3+ 36. Kh2 Qf4+ 37. Kg1 Nf5 38. Qd1 Qc7 39. Qa4 Ne3 40. Rf2 Qf4 41. Nc2 Nd1 42. Re2 Nxb2 43. Qb3 Nd3 44. Qxb7 Rb8 0-1

[Event "IND-ch U15"]
[Site "Thrissur"]
[Date "2014.08.07"]
[Round "6"]
[White "Jayakumaar, S."]
[Black "Naik, Rishubh Naresh"]
[Result "0-1"]
[WhiteElo "1936"]
[BlackElo "2028"]
[PlyCount "58"]
[EventDate "2014.08.04"]
[EventType "swiss"]
[EventRounds "11"]
[EventCountry "IND"]
[SourceTitle "CBM 162 Extra"]
[Source "ChessBase"]
[SourceDate "2014.10.17"]
[SourceVersion "1"]
[SourceVersionDate "2014.10.17"]
[SourceQuality "1"]

1. e4 e6 2. Qe2 c5 3. Nf3 Nc6 4. g3 g6 5. Bg2 Bg7 6. c3 Nge7 7. h4 h6 8. d3 d6 9. Na3 b6 10. 0-0 0-0 11. Nc2 e5 12. b4 cxb4 13. cxb4 Bg4 14. Bb2 d5 15. Ne3 Be6 16. b5 Nd4 17. Nxd4 exd4 18. Nc2 dxe4 19. Bxe4 Rc8 20. Kh2 h5 21. Bh1 Re8 22. Nb4 Bg4 23. Qd2 Nf5 24. Nc6 Qd6 25. Qf4 Rxc6 26. Bxc6 Be5 27. Qg5 Bxg3+ 28. fxg3 Re2+ 29. Kh1 Qxg3 0-1

[Event "Commonwealth-ch"]
[Site "Glasgow"]
[Date "2014.07.05"]
[Round "6"]
[White "Naik, Rishubh Naresh"]
[Black "Akash Pc, Iyer"]
[Result "0-1"]
[WhiteElo "2014"]
[BlackElo "2275"]
[PlyCount "96"]
[EventDate "2014.06.30"]
[EventType "swiss"]
[EventRounds "9"]
[EventCountry "SCO"]
[SourceTitle "CBM 161 Extra"]
[Source "ChessBase"]
[SourceDate "2014.08.29"]
[SourceVersion "1"]
[SourceVersionDate "2014.08.29"]
[SourceQuality "1"]

1. d4 d5 2. Nf3 c6 3. e3 e6 4. Bd3 f5 5. b3 Bd6 6. 0-0 Qe7 7. Bb2 Nf6 8. Qc1 Nbd7 9. c4 a6 10. Ba3 c5 11. cxd5 Nxd5 12. Nbd2 b5 13. Bb2 Bb7 14. a4 cxd4 15. Nxd4 Nc5 16. Be2 b4 17. Bc4 0-0 18. Qc2 Nb6 19. Be2 Rac8 20. Nc4 Nxc4 21. Bxc4 Kh8 22. f3 Qh4 23. g3 Qg5 24. Qf2 e5 25. Ne6 Nxe6 26. Bxe6 Rce8 27. f4 Qe7 28. Bc4 exf4 29. gxf4 Bc5 30. Rfe1 Qe4 31. Qg3 Bxe3+ 32. Rxe3 Qxe3+ 33. Qxe3 Rxe3 34. Rd1 Re7 35. Rd6 Rfe8 36. Be5 Bc8 37. h4 Be6 38. Rb6 Bxc4 39. bxc4 a5 40. c5 Rc8 41. h5 Kg8 42. Rb5 Kf7 43. Rxa5 Rb7 44. Kf2 b3 45. Bb2 Ke6 46. Ke3 Kd5 47. c6+ Kxc6 48. Rxf5 Kd6 0-1

[Event "Koge Niels Juel Cup"]
[Site "Koge"]
[Date "2013.04.26"]
[Round "9"]
[White "Naik, Rishubh Naresh"]
[Black "Sokolov, Ivan"]
[Result "0-1"]
[WhiteElo "1942"]
[BlackElo "2643"]
[PlyCount "76"]
[EventDate "2013.04.20"]
[EventType "swiss"]
[EventRounds "10"]
[EventCountry "DEN"]
[SourceTitle "CBM 154 Extra"]
[Source "ChessBase"]
[SourceDate "2013.06.25"]
[SourceVersion "2"]
[SourceVersionDate "2013.06.25"]
[SourceQuality "1"]

1. d4 Nf6 2. Nf3 g6 3. Nc3 d5 4. Bf4 Bg7 5. e3 Nh5 6. Bg5 c5 7. Be2 Nc6 8. 0-0 h6 9. Bh4 g5 10. Ne5 cxd4 11. Bxh5 Bxe5 12. exd4 Bxd4 13. Bg3 Be6 14. Nb5 Bb6 15. Qe2 Qd7 16. c4 0-0 17. Rfd1 d4 18. h4 Bf5 19. hxg5 hxg5 20. Qd2 f6 21. b4 a6 22. Na3 e5 23. c5 Bc7 24. Be2 Qh7 25. Nc4 Kg7 26. f3 Rh8 27. Nd6 Bxd6 28. cxd6 Rad8 29. a4 d3 30. Bf1 Rxd6 31. b5 axb5 32. axb5 Nd4 33. Rac1 Rd7 34. Qe3 Nc2 35. Qc5 Nd4 36. Qc4 e4 37. fxe4 Bxe4 38. Rd2 Nf3+ 0-1

[Event "ASEAN-ch U14 13th"]
[Site "Hue"]
[Date "2012.06.19"]
[Round "9"]
[White "Naik, Rishubh Naresh"]
[Black "Le, Quang Tra"]
[Result "1/2-1/2"]
[WhiteElo "1885"]
[BlackElo "1834"]
[PlyCount "58"]
[EventDate "2012.06.11"]
[EventType "swiss"]
[EventRounds "9"]
[EventCountry "VIE"]
[SourceTitle "CBM 149 Extra"]
[Source "ChessBase"]
[SourceDate "2012.08.24"]
[SourceVersion "1"]
[SourceVersionDate "2012.08.24"]
[SourceQuality "1"]

1. d4 d5 2. Nf3 Nf6 3. e3 Bg4 4. Bd3 e6 5. Nbd2 Bd6 6. c4 c6 7. Qc2 Nbd7 8. 0-0 0-0 9. b3 Bh5 10. Bb2 Bg6 11. h3 Re8 12. Ne5 Bxd3 13. Qxd3 Qc7 14. f4 Rad8 15. Qc2 c5 16. Rac1 dxc4 17. bxc4 g6 18. Qc3 cxd4 19. exd4 Bf8 20. Qc2 Bg7 21. Kh2 Nb8 22. Ndf3 Nc6 23. Rfd1 Qb6 24. Qb3 Nxe5 25. fxe5 Nd7 26. Qc2 Rc8 27. g4 Qc6 28. Qf2 Nb6 29. d5 Qa4 1/2-1/2

[Event "ASEAN-ch U14 13th"]
[Site "Hue"]
[Date "2012.06.12"]
[Round "2"]
[White "Nguyen, Tri Thien1111"]
[Black "Naik, Rishubh Naresh"]
[Result "0-1"]
[WhiteElo "1655"]
[BlackElo "1885"]
[PlyCount "68"]
[EventDate "2012.06.11"]
[EventType "swiss"]
[EventRounds "9"]
[EventCountry "VIE"]
[SourceTitle "CBM 149 Extra"]
[Source "ChessBase"]
[SourceDate "2012.08.24"]
[SourceVersion "1"]
[SourceVersionDate "2012.08.24"]
[SourceQuality "1"]

1. e4 e6 2. d4 d5 3. exd5 exd5 4. Bd3 Bd6 5. Ne2 Nc6 6. c3 Nge7 7. Bf4 Bf5 8. 0-0 Qd7 9. Bxd6 Qxd6 10. Na3 a6 11. Re1 0-0 12. Ng3 Bg6 13. Nc2 f5 14. f3 f4 15. Nf1 Rf6 16. c4 dxc4 17. Bxc4+ Kh8 18. Bd3 Rd8 19. Bxg6 Rxg6 20. Qd2 Nf5 21. Rad1 Nh4 22. Qd3 Nxg2 23. Kh1 Nxe1 24. Rxe1 Re6 25. Rd1 Re7 26. Rd2 Qd5 27. Rg2 Nxd4 28. Nxd4 Qxd4 29. Qf5 Re1 30. Rg1 Qd3 31. Qg4 Rg8 32. Qh3 Qe2 33. b4 b5 34. a3 c6 0-1

[Event "Jalgaon op"]
[Site "Jalgaon"]
[Date "2010.11.24"]
[Round "2"]
[White "Deshmukh, Anup"]
[Black "Naik, Rishubh Naresh"]
[Result "1-0"]
[WhiteElo "2326"]
[BlackElo "1777"]
[PlyCount "56"]
[EventDate "2010.11.23"]
[EventType "swiss"]
[EventRounds "11"]
[EventCountry "IND"]
[SourceTitle "CBM 139 Extra"]
[Source "ChessBase"]
[SourceDate "2011.01.05"]
[SourceVersion "1"]
[SourceVersionDate "2011.01.05"]
[SourceQuality "1"]

1. c4 Nf6 2. Nc3 g6 3. e4 Bg7 4. d4 d6 5. f4 0-0 6. Nf3 c5 7. d5 a6 8. a4 Re8 9. Bd3 Nfd7 10. h4 h5 11. Bd2 Nf8 12. Qc2 Nbd7 13. 0-0-0 e5 14. f5 Nf6 15. Ng5 b6 16. Be2 Ra7 17. Rdg1 Qd7 18. g4 hxg4 19. Bxg4 Nxg4 20. Rxg4 gxf5 21. Rg2 f6 22. Nf3 f4 23. h5 Kf7 24. h6 Bh8 25. Nh4 Nh7 26. Bxf4 Qd8 27. Rhg1 Ree7 28. Qd1 Ke8 1-0